"P" Synonyms - Statistics

General Stats
  • This quiz has been taken 123 times
  • The average score is 13 of 20
Answer Stats
Word P Synonym % Correct
Father Papa / Pappy / Padre / Priest / Pastor / Pa / Pop
100%
Hog Pig
88%
Fiesta Party
86%
Joke Pun
86%
Choose Pick
80%
Urine Pee / Piss
79%
Mail Post
78%
Gun Pistol
76%
Look Peek / Peer / Peep
74%
Bar Pub
74%
Kiss Peck / Pucker
68%
Hit Punch
67%
Jaguar Puma
66%
Beg Plead
62%
Destitute Poor
60%
Wharf Pier
52%
Small Petit
48%
Chubby Plump
47%
Fancy Posh / Pomp / Plush
32%
Infidel Pagan
12%
No matching quizzes found
Score Distribution
Percent of People with Each Score
Percentile by Number Answered
Your Score History
You have not taken this quiz